000 00511nam a2200205Ia 4500
003 GCL
008 140319s9999 xx 000 0 eng d
040 _aGCL /
_cGCL
082 0 4 _a155.6
_bL L
100 1 _aLIGHT, LEACH L.
245 1 0 _aLANGUAGE MEMORY AND AGING /
_cLIGHT, LEACH L.
700 1 _aBURKE, DEBORAH
260 _a[S.N] :
_bCAMBRIBGE UNIVERSITY PRESS ،
_c1993
300 _a281 P
650 0 4 _aLITERATURE
650 0 4 _aAGING
650 0 4 _aMEMORY
650 0 4 _aLANGUAGES
942 _2ddc
_cBK
999 _c24314
_d24314